[Event "Weekend A U16 Aprile"]
[Site "Torino ITA"]
[Date "2011.04.21"]
[Round "1"]
[White "Yao, Stefano"]
[Black "Gallo, Ivan"]
[Result "1-0"]
[WhiteElo "1590"]
[BlackElo "1476"]
[PlyCount "79"]
[EventDate "2011.04.21"]

1. d4 d5 2. Nf3 Nf6 3. c4 e6 4. g3 b6 5. Bg2 Bb7 6. O-O Be7 7. Qc2 O-O 8. cxd5
exd5 9. Bf4 c5 10. Nbd2 Nbd7 11. Rac1 Rc8 12. Qb1 Re8 13. Rfd1 h6 14. Nf1 Bf8
15. e3 Ne4 16. g4 g5 17. Bg3 Bg7 18. h3 Ndf6 19. Be5 Ba6 20. N1d2 Be2 21. Re1
Bxf3 22. Nxf3 Nd7 23. Bxg7 Kxg7 24. Qd3 Ndf6 25. Nd2 Qd6 26. Nxe4 Nxe4 27. Bxe4
Rxe4 28. dxc5 bxc5 29. Red1 Rd8 30. Qxe4 dxe4 31. Rxd6 Rxd6 32. Rxc5 Rd2 33.
Rb5 Kg6 34. a4 h5 35. b4 hxg4 36. hxg4 Rd6 37. Ra5 Rb6 38. b5 Kf6 39. Rxa7 Ke6
40. Ra6 1-0

[Event "Weekend A U16 Aprile"]
[Site "Torino ITA"]
[Date "2011.04.21"]
[Round "1"]
[White "Zheng, Alessio"]
[Black "Nastro, Federico"]
[Result "1/2-1/2"]
[WhiteElo "1500"]
[BlackElo "1575"]
[PlyCount "51"]
[EventDate "2011.04.21"]

1. Nf3 d5 2. d4 Nf6 3. c4 e6 4. g3 Be7 5. Bg2 b6 6. O-O O-O 7. Qc2 Bb7 8. b3
Nbd7 9. Nbd2 Rc8 10. Bb2 c5 11. e3 Re8 12. a4 a5 13. Rfe1 cxd4 14. exd4 Bb4 15.
Bc3 dxc4 16. Bxb4 cxb3 17. Qxb3 Bd5 18. Qa3 axb4 19. Qxb4 Qe7 20. Qxe7 Rxe7 21.
Ne5 Bxg2 22. Kxg2 Nxe5 23. dxe5 Nd5 24. Ne4 f6 25. f4 Rc2+ 26. Kh1 1/2-1/2

[Event "Weekend A U16 Aprile"]
[Site "Torino ITA"]
[Date "2011.04.22"]
[Round "2"]
[White "Geuna, Pietro"]
[Black "Yao, Stefano"]
[Result "0-1"]
[WhiteElo "1637"]
[BlackElo "1590"]
[PlyCount "136"]
[EventDate "2011.04.21"]

1. Nf3 d5 2. d4 Nf6 3. c4 c6 4. Nc3 e6 5. Bg5 h6 6. Bh4 Nbd7 7. e3 Bd6 8. Qc2
O-O 9. e4 dxe4 10. Nxe4 Be7 11. Rd1 Nxe4 12. Bxe7 Qxe7 13. Qxe4 Nf6 14. Qe3 b6
15. d5 Qb4+ 16. Rd2 exd5 17. Qc3 Qxc3 18. bxc3 Re8+ 19. Re2 Rxe2+ 20. Bxe2 Ba6
21. Ne5 Bxc4 22. Bxc4 dxc4 23. Kd2 Rd8+ 24. Kc2 Re8 25. f4 Nd5 26. g3 f6 27.
Nxc4 Ne3+ 28. Nxe3 Rxe3 29. Rd1 Re2+ 30. Rd2 Rxd2+ 31. Kxd2 Kf7 32. Ke3 Ke6 33.
Ke4 f5+ 34. Kd4 Kd6 35. h3 g6 36. Kc4 b5+ 37. Kb4 Kd5 38. a3 h5 39. h4 Ke4 40.
Kc5 Kf3 41. Kxc6 Kxg3 42. Kxb5 Kxf4 43. c4 Ke4 44. c5 f4 45. c6 f3 46. c7 f2
47. c8=Q f1=Q+ 48. Ka4 Qd1+ 49. Ka5 Qd5+ 50. Ka4 Kd4 51. Qh8+ Kc5 52. Qc3+ Qc4+
53. Qxc4+ Kxc4 54. Ka5 Kb3 55. a4 a6 56. Kxa6 Kxa4 57. Kb6 Kb4 58. Kc6 Kc4 59.
Kd6 Kd4 60. Ke6 Ke4 61. Kf6 Kf4 62. Kxg6 Kg4 63. Kf6 Kxh4 64. Kf5 Kg3 65. Ke4
h4 66. Ke3 h3 67. Ke2 h2 68. Kf1 h1=Q+ 0-1

[Event "Weekend A U16 Aprile"]
[Site "Torino ITA"]
[Date "2011.04.22"]
[Round "2"]
[White "Zheng, Alessio"]
[Black "Bergero, Simone"]
[Result "1-0"]
[WhiteElo "1500"]
[BlackElo "1518"]
[PlyCount "85"]
[EventDate "2011.04.21"]

1. d4 d5 2. c4 e6 3. Nf3 Nf6 4. Nc3 Be7 5. Qc2 Nbd7 6. b3 O-O 7. g3 b6 8. Bg2
Bb7 9. O-O Rc8 10. Bb2 c5 11. e3 dxc4 12. bxc4 cxd4 13. Nb5 dxe3 14. Nxa7 exf2+
15. Rxf2 Rc5 16. Rd2 Qa8 17. Qc3 e5 18. Nb5 Ne4 19. Qd3 Nxd2 20. Qxd2 Bxf3 21.
Bxf3 Qxf3 22. Ba3 Rd8 23. Rd1 Nf8 24. Qxd8 Bxd8 25. Rxd8 Qe3+ 26. Kf1 Qg5 27.
Rb8 Qf5+ 28. Kg1 Rc8 29. Rxb6 Rxc4 30. Nd6 Qd3 31. Nxc4 Qxc4 32. Rb8 Qd4+ 33.
Kg2 Qd5+ 34. Kh3 Qe6+ 35. Kh4 Qh6+ 36. Kg4 Qg6+ 37. Kh3 Qf5+ 38. Kg2 Qe4+ 39.
Kh3 Qf5+ 40. Kg2 g6 41. Bxf8 Qc2+ 42. Kh3 Qxa2 43. Bh6# 1-0

[Event "Weekend A U16 Aprile"]
[Site "Torino ITA"]
[Date "2011.04.22"]
[Round "3"]
[White "Bergero, Simone"]
[Black "Nastro, Federico"]
[Result "1/2-1/2"]
[WhiteElo "1518"]
[BlackElo "1575"]
[PlyCount "29"]
[EventDate "2011.04.21"]

1. Nf3 d5 2. d4 Nf6 3. c4 e6 4. Nc3 Be7 5. e3 O-O 6. Bd3 dxc4 7. Bxc4 c6 8. O-O
Nbd7 9. Qc2 b5 10. Bd3 a6 11. a3 c5 12. Ng5 h6 13. Nge4 c4 14. Nxf6+ Nxf6 15.
Be4 1/2-1/2

[Event "Weekend A U16 Aprile"]
[Site "Torino ITA"]
[Date "2011.04.22"]
[Round "3"]
[White "Yao, Stefano"]
[Black "Zheng, Alessio"]
[Result "1/2-1/2"]
[WhiteElo "1590"]
[BlackElo "1500"]
[PlyCount "37"]
[EventDate "2011.04.21"]

1. d4 d5 2. c4 e6 3. Nf3 Nf6 4. g3 Nbd7 5. Bg2 Bb4+ 6. Bd2 Bxd2+ 7. Nbxd2 O-O
8. O-O b6 9. Rc1 Bb7 10. Qc2 Rc8 11. cxd5 exd5 12. b4 Qe7 13. Qb3 Qxe2 14. Rfe1
Qa6 15. b5 Qa5 16. a4 c5 17. bxc6 Rxc6 18. Bf1 Rfc8 19. Rxc6 1/2-1/2

[Event "Weekend A U16 Aprile"]
[Site "Torino ITA"]
[Date "2011.04.23"]
[Round "4"]
[White "Bergero, Simone"]
[Black "Yao, Stefano"]
[Result "1/2-1/2"]
[WhiteElo "1518"]
[BlackElo "1590"]
[PlyCount "122"]
[EventDate "2011.04.21"]

1. d4 d5 2. c4 e6 3. Nc3 Nf6 4. e3 c6 5. Nf3 Nbd7 6. Qc2 Bd6 7. b3 O-O 8. Bd3
b6 9. O-O Bb7 10. e4 dxe4 11. Nxe4 Nxe4 12. Bxe4 Nf6 13. Bd3 c5 14. Bb2 Bxf3
15. gxf3 h6 16. Rfe1 Nh5 17. Re4 Nf6 18. Rh4 Re8 19. dxc5 Bxc5 20. Rd1 Qe7 21.
Rf4 e5 22. Re1 Qc7 23. Rf5 Bd4 24. Bxd4 exd4 25. Rxe8+ Rxe8 26. Be4 Re5 27. Qd3
Nxe4 28. fxe4 Rxf5 29. exf5 Qe5 30. f3 Kf8 31. Qe4 Qxe4 32. fxe4 Ke7 33. Kf2
Kf6 34. Ke2 Ke5 35. Kd3 g6 36. b4 gxf5 37. exf5 Kxf5 38. Kxd4 Ke6 39. c5 bxc5+
40. bxc5 f5 41. c6 Kd6 42. c7 Kxc7 43. Ke5 Kc6 44. Kxf5 Kb5 45. Kg6 Ka4 46.
Kxh6 Ka3 47. Kg6 Kxa2 48. h4 a5 49. h5 a4 50. h6 a3 51. h7 Kb1 52. h8=Q a2 53.
Qh1+ Kb2 54. Qg2+ Kb1 55. Qf1+ Kb2 56. Qe2+ Kb1 57. Qd1+ Kb2 58. Qd2+ Kb1 59.
Qb4+ Ka1 60. Qc3+ Kb1 61. Qb3+ Ka1 1/2-1/2

[Event "Weekend A U16 Aprile"]
[Site "Torino ITA"]
[Date "2011.04.23"]
[Round "4"]
[White "Nastro, Federico"]
[Black "Geuna, Pietro"]
[Result "1-0"]
[WhiteElo "1575"]
[BlackElo "1637"]
[PlyCount "51"]
[EventDate "2011.04.21"]

1. e4 d5 2. exd5 Qxd5 3. Nc3 Qd6 4. d4 Nf6 5. Nf3 Bf5 6. g3 Nc6 7. Nb5 Qd7 8.
Bf4 Rc8 9. Ne5 Nxe5 10. Bxe5 c6 11. Nc3 e6 12. Bxf6 gxf6 13. a3 Bg7 14. h4 e5
15. d5 cxd5 16. Bb5 Rc6 17. Bxc6 bxc6 18. Qd2 d4 19. Ne2 Qd5 20. Rg1 O-O 21. g4
Be4 22. g5 Qe6 23. Ng3 Bd5 24. gxf6 Bxf6 25. Nh5+ Kh8 26. Qh6 1-0

[Event "Weekend A U16 Aprile"]
[Site "Torino ITA"]
[Date "2011.04.23"]
[Round "5"]
[White "Gallo, Ivan"]
[Black "Bergero, Simone"]
[Result "0-1"]
[WhiteElo "1476"]
[BlackElo "1518"]
[PlyCount "96"]
[EventDate "2011.04.21"]

1. e4 c5 2. Nf3 d6 3. c3 Nc6 4. Be2 Nf6 5. d3 g6 6. O-O Bg7 7. Bg5 O-O 8. Re1
Qb6 9. Qc2 Bg4 10. Nbd2 Rfe8 11. h3 Be6 12. Bf1 Nd7 13. Bf4 Nde5 14. Ng5 Bd7
15. Rad1 h6 16. Ngf3 Rad8 17. Nxe5 Nxe5 18. Nb3 Nc6 19. Nd2 Be6 20. b3 d5 21.
exd5 Bxd5 22. c4 Nd4 23. Qc1 Bc6 24. Nb1 Qa6 25. Nc3 Qa5 26. Rd2 Nxb3 27. axb3
Bxc3 28. Bxh6 Bxd2 29. Bxd2 Qc7 30. Bf4 Qd7 31. Qe3 Qd4 32. Qxd4 cxd4 33. Be2
f6 34. g4 e5 35. Bd2 Kg7 36. Kh2 e4 37. Kg3 f5 38. gxf5 gxf5 39. Rg1 Kf6 40. h4
e3 41. fxe3 dxe3 42. Bc3+ Ke6 43. Kf4 Rg8 44. Ra1 Rg2 45. Kxe3 f4+ 46. Kxf4
Rxe2 47. d4 Rf8+ 48. Kg3 Rf3+ 0-1

[Event "Weekend A U16 Aprile"]
[Site "Torino ITA"]
[Date "2011.04.23"]
[Round "5"]
[White "Yao, Stefano"]
[Black "Nastro, Federico"]
[Result "0-1"]
[WhiteElo "1590"]
[BlackElo "1575"]
[PlyCount "78"]
[EventDate "2011.04.21"]

1. Nf3 d5 2. d4 Nf6 3. c4 e6 4. g3 Be7 5. Bg2 b6 6. O-O O-O 7. Qc2 Bb7 8. b3
Nbd7 9. Nc3 Rc8 10. Rd1 c5 11. dxc5 dxc4 12. Ne5 Bxg2 13. Nxd7 Nxd7 14. Kxg2
cxb3 15. axb3 Qc7 16. cxb6 Nxb6 17. Bb2 Bf6 18. Qd3 Bxc3 19. Rac1 Qb7+ 20. Kg1
Bxb2 21. Rxc8 Qxc8 22. Rd2 Bf6 23. Kg2 Rd8 24. Qe3 Rxd2 25. Qxd2 h6 26. Qa5 Qd8
27. Qxa7 Qa8+ 28. Qxa8+ Nxa8 29. e4 e5 30. f4 Nc7 31. Kf3 Kf8 32. f5 Nb5 33. g4
Nd4+ 34. Kg3 Nxb3 35. h4 Nd2 36. h5 Nxe4+ 37. Kf3 Ng5+ 38. Ke3 Ke7 39. Kd3 Kd6
0-1